[Event "Sentjur Ipavec Memorial U11"]
[Site "Sentjur"]
[Date "2011.09.17"]
[Round "5"]
[White "Majcen, Ana"]
[Black "Svegler, Aljaz"]
[Result "0-1"]
[WhiteElo "1500"]
[BlackElo "1500"]
[PlyCount "70"]
[EventDate "2011.09.14"]
[EventType "swiss"]
[EventRounds "9"]
[EventCountry "SLO"]
[SourceTitle "CBM 144 Extra"]
[Source "ChessBase"]
[SourceDate "2011.10.28"]
[SourceVersion "1"]
[SourceVersionDate "2011.10.28"]
[SourceQuality "1"]

1. e4 e5 2. Nf3 Nc6 3. Bb5 f6 4. Bxc6 bxc6 5. d3 Bc5 6. Nc3 Ba6 7. Nd2 Ne7 8. 0-0 0-0 9. Nb3 Bb4 10. Bd2 Bxc3 11. Bxc3 Ng6 12. Nc5 Bb5 13. Bb4 Nf4 14. Ne6 Nxe6 15. Bxf8 Qxf8 16. a4 Ba6 17. h3 Qc5 18. Re1 Rb8 19. Rb1 Nd4 20. c3 Ne6 21. Qc2 Nf4 22. b4 Qb6 23. Qb3+ Kh8 24. Re3 Nxd3 25. Rg3 Qxf2+ 26. Kh2 Nf4 27. Qf7 Rg8 28. Rd1 Ne2 29. Rf3 Qb6 30. Qxd7 Nf4 31. Qd8 Be2 32. Rg3 Bxd1 33. Qxd1 g6 34. Qd7 Ne2 35. Rg4 Qg1# 0-1

[Event "Sentjur Ipavec Memorial U11"]
[Site "Sentjur"]
[Date "2011.09.17"]
[Round "4"]
[White "Svegler, Aljaz"]
[Black "Petauer, Zala"]
[Result "0-1"]
[WhiteElo "1500"]
[BlackElo "1515"]
[PlyCount "46"]
[EventDate "2011.09.14"]
[EventType "swiss"]
[EventRounds "9"]
[EventCountry "SLO"]
[SourceTitle "CBM 144 Extra"]
[Source "ChessBase"]
[SourceDate "2011.10.28"]
[SourceVersion "1"]
[SourceVersionDate "2011.10.28"]
[SourceQuality "1"]

1. e4 e5 2. d3 Nc6 3. Nf3 Nf6 4. Nc3 Bb4 5. Bd2 0-0 6. a3 Be7 7. g3 d6 8. Bg2 Bg4 9. 0-0 Nd4 10. Re1 Qd7 11. h3 Bxh3 12. Be3 Bxg2 13. Kxg2 c5 14. Qd2 Nxf3 15. Kxf3 Qg4+ 16. Kg2 h6 17. Nb5 Nh7 18. Nc7 Rac8 19. Nd5 Bg5 20. Bxg5 Nxg5 21. Ne7+ Kh8 22. Nxc8 Qh3+ 23. Kg1 Nf3# 0-1